[Event "DRUZYNOWE MISTRZOSTWA POLSKI 2014 - SYGNITY EKSTRALIGA"]
[Site "Gorzow Wlkp, Wroclaw, Katowice"]
[Date "2014-00-00"]
[Round "1.1"]
[White "Dziuba, Marcin"]
[Black "Kempinski, Robert"]
[Result "0-1"]
[WhiteTitle "GM"]
[BlackTitle "GM"]
[WhiteElo "2567"]
[BlackElo "2620"]

1. d4 g6 2. c4 Bg7 3. Nf3 d6 4. Nc3 Nc6 5. d5 Ne5 6. Nxe5 Bxe5 7. e4 Nf6 8. Bd3
O-O 9. Bg5 c6 10. O-O Re8 11. Qd2 Nd7 12. Rab1 a5 13. Bc2 Bg7 14. Rfe1 Qb6 15.
Na4 Qc7 16. Bd3 Nb6 17. Nc3 a4 18. Bh6 Bh8 19. Bf1 Nd7 20. Be3 Qa5 21. Rec1 Nc5
22. f3 cxd5 23. Qxd5 Bd7 24. Qd2 Bc6 25. Qf2 Rec8 26. Kh1 Bf6 27. Rc2 Na6 28.
Bb6 Qh5 29. Nd5 Bxd5 30. cxd5 Rxc2 31. Qxc2 Be5 32. Bg1 Nc5 33. b4 axb3 34. axb3
Ra3 35. b4 Rc3 36. Qd2 Nd7 37. Rc1 Rb3 38. Rc8+ Kg7 39. Rc7 Nf6 40. Rxe7 Rb1 41.
Qf2 Qh6 42. g3 Nh5 43. Rxe5 dxe5 44. Bd3 Rxb4 45. Qe1 Rb3 46. Be2 g5 47. Kg2 Nf6
48. h3 Rb2 49. Be3 Qg6 50. Bd2 Nxd5 51. Bc1 Ra2 52. exd5 Qc2 53. Kf1 Ra1 54. Bd1
Qxc1 55. Qxe5+ Kg6 0-1

[Event "DRUZYNOWE MISTRZOSTWA POLSKI 2014 - SYGNITY EKSTRALIGA"]
[Site "Gorzow Wlkp, Wroclaw, Katowice"]
[Date "2014-00-00"]
[Round "1.2"]
[White "Markowski, Tomasz"]
[Black "Czarnota, Pawel"]
[Result "1/2-1/2"]
[WhiteTitle "GM"]
[BlackTitle "GM"]
[WhiteElo "2575"]
[BlackElo "2529"]

1. c4 Nf6 2. Nf3 g6 3. b4 Bg7 4. Bb2 O-O 5. e3 d6 6. d3 e5 7. Nbd2 a5 8. a3 b6
9. Be2 Bb7 10. O-O Nbd7 11. Qc2 Qe7 12. e4 Nh5 13. g3 f5 14. Rfe1 c5 15. Bf1 f4
16. Bc3 a4 17. Rab1 Bc6 18. Bh3 Bh6 19. g4 Ng7 20. Bg2 Ne6 21. h4 Bg7 22. Kh2
h6 23. Rh1 Rfb8 24. Bh3 g5 25. b5 Bb7 26. h5 Ra7 27. Rbg1 Bc8 28. Qd1 Rba8 29.
Qf1 Bf6 30. Qd1 Bg7 31. Qf1 Bf6 32. Qd1 Bg7 1/2-1/2

[Event "DRUZYNOWE MISTRZOSTWA POLSKI 2014 - SYGNITY EKSTRALIGA"]
[Site "Gorzow Wlkp, Wroclaw, Katowice"]
[Date "2014-00-00"]
[Round "1.3"]
[White "Drozdowski, Kacper"]
[Black "Olszewski, Michal"]
[Result "1/2-1/2"]
[WhiteTitle "IM"]
[BlackTitle "GM"]
[WhiteElo "2458"]
[BlackElo "2549"]

1. e4 e5 2. Nf3 Nc6 3. Bb5 a6 4. Ba4 Nf6 5. Qe2 Be7 6. O-O b5 7. Bb3 O-O 8. c3
d5 9. d3 Be6 10. exd5 Nxd5 11. Nxe5 Nxe5 12. Qxe5 Re8 13. Qg3 Bd6 14. Qf3 c6 15.
Nd2 Qd7 16. h3 f5 17. c4 Nf4 18. d4 Bc7 19. cxb5 cxb5 20. Bxe6+ Qxe6 21. Nb3 Ne2+
22. Kh1 Qd6 23. g3 a5 24. Be3 f4 25. gxf4 a4 26. Nc5 Nxd4 27. Bxd4 Qxd4 28. Ne6
Qd7 29. Nxc7 Qxc7 30. Rac1 Qf7 31. Rg1 Rf8 32. Rg4 Rad8 33. Rc5 b4 34. Rb5 Rd7
35. Rxb4 Qxa2 36. f5 Qb1+ 37. Kh2 Qxf5 38. Qxf5 Rxf5 39. Kg2 Rd2 40. Rgf4 Rxf4
1/2-1/2

[Event "DRUZYNOWE MISTRZOSTWA POLSKI 2014 - SYGNITY EKSTRALIGA"]
[Site "Gorzow Wlkp, Wroclaw, Katowice"]
[Date "2014-00-00"]
[Round "1.4"]
[White "Szelag, Marcin"]
[Black "Hera, Imre Jr."]
[Result "1/2-1/2"]
[WhiteTitle "IM"]
[BlackTitle "GM"]
[WhiteElo "2456"]
[BlackElo "2576"]

1. e4 c6 2. d4 d5 3. Nc3 dxe4 4. Nxe4 Bf5 5. Ng3 Bg6 6. h4 h6 7. Nf3 Nd7 8. h5
Bh7 9. Bd3 Bxd3 10. Qxd3 e6 11. Bf4 Qa5+ 12. Bd2 Bb4 13. c3 Be7 14. c4 Qc7 15.
O-O-O Ngf6 16. Rhe1 a5 17. Kb1 O-O 18. Nf5 Bb4 19. Bxb4 axb4 20. Ne7+ Kh8 21.
Rxe6 fxe6 22. Nh4 g5 23. Qg6 gxh4 24. Qxh6+ Nh7 25. Ng6+ Kg8 26. Ne7+ Kh8 27.
Ng6+ Kg8 28. Ne7+ Kf7 29. Qxh7+ Kf6 30. Rd3 Qf4 31. Rf3 Qxf3 32. gxf3 Rh8 33.
Nd5+ cxd5 34. Qxd7 Rxh5 35. cxd5 Rxd5 36. Qh7 Rxd4 37. Qh6+ Kf5 38. Qh7+ Kf6 39.
Qh6+ Kf7 40. Qh7+ Kf6 41. Qh6+ Kf5 42. Qh5+ Kf6 43. Qh6+ Ke5 1/2-1/2

[Event "DRUZYNOWE MISTRZOSTWA POLSKI 2014 - SYGNITY EKSTRALIGA"]
[Site "Gorzow Wlkp, Wroclaw, Katowice"]
[Date "2014-00-00"]
[Round "1.5"]
[White "Gajek, Radoslaw"]
[Black "Warakomski, Tomasz"]
[Result "1/2-1/2"]
[WhiteTitle "FM"]
[BlackTitle "IM"]
[WhiteElo "2346"]
[BlackElo "2462"]

1. Nf3 Nf6 2. c4 e6 3. g3 d5 4. d4 dxc4 5. Bg2 c5 6. O-O Nc6 7. dxc5 Bxc5 8. Qxd8+
Kxd8 9. Nbd2 Ke7 10. Nxc4 Rd8 11. Bf4 Nd5 12. Bd2 Bd7 13. Rac1 Rac8 14. a3 b5
15. Nce5 Nxe5 16. Nxe5 Bd4 17. Rxc8 Rxc8 18. Nxd7 Kxd7 19. Rd1 Ke8 20. b3 Bb2
21. Bxd5 exd5 22. Be3 a6 23. a4 bxa4 24. bxa4 Rc4 25. Rb1 Be5 26. f4 Bc7 27. Rd1
Rxa4 28. Rxd5 Ra5 29. Rd3 f5 30. Kf2 Rb5 31. Bd4 g6 32. Kf3 a5 33. e4 fxe4+ 34.
Kxe4 Bd6 35. g4 a4 36. Rh3 Rb7 37. f5 gxf5+ 38. gxf5 Bf8 39. Rc3 Kf7 40. Rc6 a3
41. Ra6 Be7 42. f6 Bf8 43. Kf5 Rb5+ 44. Be5 Bc5 45. Ke4 h5 46. Rc6 Bb6 47. Rc2
Ra5 48. Rg2 Ke6 49. Ba1 Ra4+ 50. Kd3 Rh4 51. Re2+ Kf7 52. Re7+ Kf8 53. Rb7 Bc5
54. Rb5 Bd6 55. Rd5 Bxh2 56. Bd4 Ke8 57. Ra5 Bd6 58. Ra7 Rf4 59. Ke3 Rxf6 60.
Ke4 1/2-1/2

[Event "DRUZYNOWE MISTRZOSTWA POLSKI 2014 - SYGNITY EKSTRALIGA"]
[Site "Gorzow Wlkp, Wroclaw, Katowice"]
[Date "2014-00-00"]
[Round "1.6"]
[White "Chlost, Marlena"]
[Black "Czarnota, Dorota"]
[Result "1/2-1/2"]
[WhiteTitle "WFM"]
[BlackTitle "WIM"]
[WhiteElo "2188"]
[BlackElo "2208"]

1. e4 c5 2. Nf3 e6 3. d4 cxd4 4. Nxd4 a6 5. Nc3 b5 6. Bd3 Qb6 7. Nb3 Qc7 8. O-O
Bb7 9. a4 b4 10. Na2 Nf6 11. Qe2 Nc6 12. f4 h5 13. Bd2 Ng4 14. Rae1 Be7 15. Kh1
a5 16. c3 Bh4 17. Rb1 Qb6 18. Be1 Be7 19. Bd2 Bh4 20. Be1 Be7 21. Bd2 Bh4 1/2-1/2

[Event "DRUZYNOWE MISTRZOSTWA POLSKI 2014 - SYGNITY EKSTRALIGA"]
[Site "Gorzow Wlkp, Wroclaw, Katowice"]
[Date "2014-00-00"]
[Round "1.7"]
[White "Klekowski, Maciej"]
[Black "Kryvoruchko, Yuriy"]
[Result "0-1"]
[WhiteTitle "m"]
[BlackTitle "GM"]
[WhiteElo "2425"]
[BlackElo "2710"]

1. c4 e5 2. g3 Nf6 3. Bg2 c6 4. d4 exd4 5. Qxd4 d5 6. Nf3 Be6 7. Ng5 Nbd7 8. Nxe6
fxe6 9. Qe3 Nc5 10. cxd5 cxd5 11. O-O Nce4 12. Nc3 Bc5 13. Qd3 Nxc3 14. bxc3 O-O
15. Bg5 Rc8 16. c4 dxc4 17. Qxd8 Rfxd8 18. Bxb7 Rc7 19. Ba6 c3 20. Bd3 Rd5 21.
h4 Ba3 22. Rab1 c2 23. Rb8+ Kf7 24. Bc1 Ra5 25. Bxa3 Rxa3 26. Rc1 Rxa2 27. Kf1
a5 28. Ke1 Nd5 29. Bxh7 g6 30. h5 gxh5 31. Rb3 a4 32. Rb8 a3 33. Rb3 Ra1 34. Rxa1
c1=Q+ 35. Rxc1 Rxc1+ 36. Kd2 a2 37. Kxc1 a1=Q+ 38. Kd2 Qa5+ 0-1

[Event "DRUZYNOWE MISTRZOSTWA POLSKI 2014 - SYGNITY EKSTRALIGA"]
[Site "Gorzow Wlkp, Wroclaw, Katowice"]
[Date "2014-00-00"]
[Round "1.9"]
[White "Mikrut, Dariusz"]
[Black "Dragun, Kamil"]
[Result "1/2-1/2"]
[WhiteTitle "IM"]
[BlackTitle "GM"]
[WhiteElo "2363"]
[BlackElo "2546"]

1. e4 c5 2. Nf3 d6 3. Bb5+ Nd7 4. O-O a6 5. Bxd7+ Bxd7 6. d4 cxd4 7. Qxd4 e5 8.
Qd3 h6 9. a4 Rc8 10. b3 Nf6 11. c4 Be6 12. Nc3 Be7 13. Ba3 Nd7 14. Rfd1 Nc5 15.
Bxc5 Rxc5 16. Nd2 O-O 17. Nf1 f5 18. exf5 Bxf5 19. Qe2 Rc8 20. Ng3 Be6 21. Nd5
Rf7 22. Ne4 Bf8 23. Ra2 Kh8 24. Rad2 Rd7 25. Qe3 Rc6 26. Kh1 Qa5 27. Qf3 Qd8 28.
Qh5 Bf7 29. Qf5 Qe8 30. Qh3 Be6 31. Qg3 Bf5 32. f3 Qd8 33. Qe1 Be7 34. Rd3 Qf8
35. Nxe7 Qxe7 36. Kg1 Qe6 37. R1d2 Qe7 38. Rd1 Qd8 39. Qe3 Kh7 40. h3 Kh8 41.
Kh2 Qb8 42. Rd5 Qc7 43. f4 exf4 44. Qxf4 Bxe4 45. Qxe4 Rf7 46. Re1 Rf6 47. Qe8+
Kh7 48. Qe4+ Kh8 49. Qe8+ Kh7 50. a5 Rf7 51. Qe4+ Kg8 52. Qe8+ Kh7 53. Qe6 Rc5
54. Qe4+ 1/2-1/2

[Event "DRUZYNOWE MISTRZOSTWA POLSKI 2014 - SYGNITY EKSTRALIGA"]
[Site "Gorzow Wlkp, Wroclaw, Katowice"]
[Date "2014-00-00"]
[Round "1.10"]
[White "Kanarek, Marcel"]
[Black "Brzeski, Maciej"]
[Result "1-0"]
[WhiteTitle "IM"]
[BlackTitle "m"]
[WhiteElo "2479"]
[BlackElo "2333"]

1. d4 Nf6 2. c4 c5 3. Nf3 cxd4 4. Nxd4 e5 5. Nb5 d5 6. cxd5 Bc5 7. N5c3 O-O 8.
g3 e4 9. Bg2 Bf5 10. O-O Nbd7 11. a3 Rc8 12. b4 Bd6 13. Qb3 Be5 14. Bb2 Nb6 15.
Nd2 Bxc3 16. Bxc3 Nfxd5 17. Bd4 Nf4 18. gxf4 Qxd4 19. Rfd1 Qf6 20. Nxe4 Bxe4 21.
Bxe4 Rc3 22. Qb1 Qxf4 23. e3 Qg5+ 24. Kh1 Qh4 25. Ra2 Rc4 26. Bxb7 Rb8 27. Rad2
Na4 28. Qb3 h6 29. Bd5 Nb6 30. Bxc4 Qe4+ 31. Kg1 Qg4+ 32. Kf1 Nxc4 33. Rd4 Qh3+
34. Ke2 Qh5+ 35. Ke1 Ne5 36. Rd8+ Rxd8 37. Rxd8+ Kh7 38. Qc2+ g6 39. Qe2 Qxh2
40. Kd2 Qh1 41. f4 Qh4 42. Ra8 Qh1 43. Rxa7 Qd5+ 44. Kc3 Qc6+ 45. Kb2 Nc4+ 46.
Kb3 Qe6 47. Rxf7+ Qxf7 48. Qxc4 Qe7 49. Qc5 Qe6+ 50. Ka4 Qa6+ 51. Kb3 Qd3+ 52.
Qc3 Qd5+ 53. Ka4 Qa8+ 54. Kb5 h5 55. Qc7+ Kh6 56. Qe7 Qxa3 57. Kb6 Qc3 58. b5
Qg7 59. Qg5+ Kh7 60. f5 gxf5 61. Qxh5+ Kg8 62. Qe8+ Kh7 63. Qh5+ Kg8 64. Qe8+
Kh7 65. Qe6 Qg5 66. Ka6 Qg4 67. b6 Qa4+ 68. Kb7 Qc2 69. Qd7+ 1-0

[Event "DRUZYNOWE MISTRZOSTWA POLSKI 2014 - SYGNITY EKSTRALIGA"]
[Site "Gorzow Wlkp, Wroclaw, Katowice"]
[Date "2014-00-00"]
[Round "1.11"]
[White "Barski, Radoslaw"]
[Black "Czerwonski, Aleksander"]
[Result "1/2-1/2"]
[WhiteTitle "k++"]
[BlackTitle "IM"]
[WhiteElo "2263"]
[BlackElo "2379"]

1. d4 Nf6 2. c4 e6 3. Nf3 b6 4. g3 Bb7 5. Bg2 Be7 6. O-O O-O 7. d5 exd5 8. Nh4
c6 9. cxd5 Nxd5 10. Nf5 Nc7 11. e4 d5 12. Nc3 Bf6 13. exd5 Nxd5 14. Nxd5 cxd5
15. Ne3 Na6 16. Nxd5 Nc5 17. Be3 Bxd5 18. Bxd5 Rc8 19. Rb1 Qd7 20. b4 Ne6 21.
Qf3 Rfd8 22. Rfd1 Nd4 23. Bxd4 Qxd5 24. Qxd5 Rxd5 25. Bxf6 Rxd1+ 26. Rxd1 gxf6
27. Rd7 Rc4 28. a3 a5 29. b5 Rc5 30. a4 Rc4 31. Rd6 Kg7 32. Rxb6 Rxa4 33. Ra6
Ra2 34. b6 Rb2 35. Rxa5 Rxb6 36. Kg2 Rb3 37. h4 Kg6 38. g4 h6 39. f3 Re3 40. Kg3
Rb3 41. Rc5 1/2-1/2

[Event "DRUZYNOWE MISTRZOSTWA POLSKI 2014 - SYGNITY EKSTRALIGA"]
[Site "Gorzow Wlkp, Wroclaw, Katowice"]
[Date "2014-00-00"]
[Round "1.12"]
[White "Wisniowska, Klaudia"]
[Black "Kulon, Klaudia"]
[Result "0-1"]
[WhiteTitle "WFM"]
[BlackTitle "WIM"]
[WhiteElo "2198"]
[BlackElo "2378"]

1. e4 c5 2. Nf3 d6 3. d4 cxd4 4. Nxd4 Nf6 5. Nc3 e6 6. Be3 a6 7. a4 Nc6 8. Be2
Bd7 9. f4 Nxd4 10. Qxd4 Bc6 11. Bf3 Qc7 12. O-O Be7 13. a5 O-O 14. Qd2 Nd7 15.
Rfe1 b5 16. Kh1 Rac8 17. Ne2 Qb7 18. Ng3 Rfd8 19. Bf2 Nc5 20. Rad1 Bf6 21. Qb4
Na4 22. Bd4 Be7 23. Qb3 Qc7 24. Qe3 Qxa5 25. b3 Nc5 26. Nh5 Bf8 27. Ra1 Qc7 28.
Qc3 f6 29. b4 Na4 30. Qb3 Bd7 31. Bg4 Qxc2 32. Bxe6+ Kh8 33. Qh3 Bxe6 34. Qxe6
Qc4 35. Qxc4 Rxc4 36. Rad1 Re8 37. e5 dxe5 38. fxe5 fxe5 39. Bxe5 Kg8 40. g3 Rxb4
41. Rf1 Re4 42. Ba1 b4 43. Rd7 R4e7 44. Rd4 Re1 0-1

[Event "DRUZYNOWE MISTRZOSTWA POLSKI 2014 - SYGNITY EKSTRALIGA"]
[Site "Gorzow Wlkp, Wroclaw, Katowice"]
[Date "2014-00-00"]
[Round "1.14"]
[White "Pakleza, Zbigniew"]
[Black "Navara, David"]
[Result "1/2-1/2"]
[WhiteTitle "IM"]
[BlackTitle "GM"]
[WhiteElo "2509"]
[BlackElo "2718"]

1. d4 d5 2. c4 e6 3. Nc3 c6 4. Nf3 Nf6 5. Bg5 h6 6. Bxf6 Qxf6 7. e3 Nd7 8. a3 g6
9. Be2 dxc4 10. Bxc4 Bg7 11. O-O O-O 12. Qc2 Kh8 13. Qb3 Qe7 14. Rfd1 b6 15. Be2
Bb7 16. a4 c5 17. a5 cxd4 18. exd4 e5 19. Qa3 Qxa3 20. Rxa3 bxa5 21. Rxa5 e4 22.
Ne5 Nxe5 23. dxe5 Rab8 24. Bc4 a6 25. Rd6 Rfe8 26. Bxf7 Rxe5 27. Rxe5 Bxe5 28.
Rb6 Bd4 29. Rb3 e3 30. fxe3 Bxe3+ 31. Kf1 Bd4 32. Ke2 Be5 33. g3 Kg7 34. Bc4 a5
35. Ke3 Bd6 36. Kd4 Bb4 37. Nd5 Rd8 38. Re3 g5 39. h4 a4 40. Re6 Bd6 41. h5 Bxd5
42. Bxd5 Bxg3 43. Rg6+ Kh7 44. Ra6 g4 45. Rxa4 Kg7 46. Kc5 Bf2+ 47. Kc6 g3 48.
Rf4 Re8 49. b4 Re5 50. Rf7+ Kh8 51. Rf8+ Kg7 52. Rf7+ Kh8 53. Rf8+ 1/2-1/2

[Event "DRUZYNOWE MISTRZOSTWA POLSKI 2014 - SYGNITY EKSTRALIGA"]
[Site "Gorzow Wlkp, Wroclaw, Katowice"]
[Date "2014-00-00"]
[Round "1.15"]
[White "Gajewski, Grzegorz"]
[Black "Weichhold, Pawel"]
[Result "1-0"]
[WhiteTitle "GM"]
[BlackTitle "m"]
[WhiteElo "2643"]
[BlackElo "2394"]

1. d4 Nf6 2. c4 g6 3. Nf3 Bg7 4. g3 O-O 5. Bg2 d6 6. Nc3 Nc6 7. O-O Bf5 8. d5 Na5
9. Nd2 c6 10. b4 Nxc4 11. dxc6 Nxd2 12. cxb7 Rb8 13. Bxd2 d5 14. Na4 Rxb7 15.
Nc5 Rb8 16. Rc1 e5 17. a3 Re8 18. Bg5 d4 19. Qa4 Re7 20. Na6 Rb6 21. b5 e4 22.
Nb4 Reb7 23. Nc6 Qe8 24. Qxd4 Nd7 25. Qd1 Nf8 26. a4 a6 27. Be3 axb5 28. Bxb6
Rxb6 29. Qd6 Rb7 30. axb5 Ne6 31. Rfd1 Bf8 32. Qd5 Rb6 33. Bxe4 Nc7 34. Qd4 1-0

[Event "DRUZYNOWE MISTRZOSTWA POLSKI 2014 - SYGNITY EKSTRALIGA"]
[Site "Gorzow Wlkp, Wroclaw, Katowice"]
[Date "2014-00-00"]
[Round "1.16"]
[White "Brodowski, Piotr"]
[Black "Socko, Bartosz"]
[Result "1/2-1/2"]
[WhiteTitle "m"]
[BlackTitle "GM"]
[WhiteElo "2428"]
[BlackElo "2611"]

1. c4 e5 2. Nc3 Nf6 3. g3 c6 4. Nf3 e4 5. Nd4 Qb6 6. Nb3 d5 7. cxd5 Bf5 8. Bg2
cxd5 9. d3 Bb4 10. O-O Bxc3 11. bxc3 O-O 12. Be3 Qa6 13. Nc5 Qc6 14. c4 dxc4 15.
Rc1 b5 16. dxc4 b4 17. Qb3 a5 18. a3 bxa3 19. Qxa3 Qc8 20. Rfd1 Re8 21. Na4 Ra6
22. Nb6 Qb7 23. c5 Ng4 24. Bf4 Be6 25. Qa4 Nf6 26. Qxe8+ Nxe8 27. Rd8 Qe7 28.
Rxb8 f5 29. c6 g5 30. Bd6 Qxd6 31. Rxe8+ Kf7 32. Rxe6 Qd2 33. Rf1 Qd8 34. Rc1
Qd2 35. Rf1 Qd8 36. Rc1 Qd2 1/2-1/2

[Event "DRUZYNOWE MISTRZOSTWA POLSKI 2014 - SYGNITY EKSTRALIGA"]
[Site "Gorzow Wlkp, Wroclaw, Katowice"]
[Date "2014-00-00"]
[Round "1.17"]
[White "Miton, Kamil"]
[Black "Czakon, Jakub"]
[Result "1-0"]
[WhiteTitle "GM"]
[BlackTitle "IM"]
[WhiteElo "2593"]
[BlackElo "2472"]

1. d4 Nf6 2. c4 e5 3. dxe5 Ng4 4. e3 Nxe5 5. Nh3 Bb4+ 6. Bd2 Bxd2+ 7. Qxd2 d6 8.
Nf4 Nbd7 9. Nc3 a5 10. Be2 O-O 11. O-O Nc5 12. Rfd1 Bg4 13. f3 Bd7 14. Qe1 f5
15. Qg3 Nf7 16. Bd3 Kh8 17. Bc2 c6 18. Rd4 Qb6 19. Rb1 Rae8 20. Qf2 Re5 21. a3
Rfe8 22. b4 axb4 23. axb4 Na6 24. c5 Qa7 25. e4 fxe4 26. fxe4 Nh6 27. Rxd6 Ng4
28. Qd4 Bc8 29. h3 Nf6 30. Nd3 R5e7 31. e5 Nd7 32. Qh4 Nf8 33. Rf1 b6 34. cxb6
Qxb6+ 35. Kh1 Qc7 36. b5 Nb8 37. b6 1-0

[Event "DRUZYNOWE MISTRZOSTWA POLSKI 2014 - SYGNITY EKSTRALIGA"]
[Site "Gorzow Wlkp, Wroclaw, Katowice"]
[Date "2014-00-00"]
[Round "1.18"]
[White "Lach, Aleksandra"]
[Black "Socko, Monika"]
[Result "1/2-1/2"]
[WhiteTitle "WFM"]
[BlackTitle "GM"]
[WhiteElo "2208"]
[BlackElo "2460"]

1. e4 e6 2. d4 d5 3. Nd2 Nf6 4. e5 Nfd7 5. c3 c5 6. f4 Nc6 7. Ndf3 Qb6 8. a3 a5
9. b3 Be7 10. h4 h6 11. h5 Ndb8 12. Bd3 Na6 13. Ne2 Bd7 14. Kf2 Nc7 15. Be3 Nb5
16. Bxb5 Qxb5 17. c4 dxc4 18. bxc4 Qxc4 19. Rc1 Qa2 20. dxc5 Qxa3 21. Ra1 Qb2
22. Rb1 Qa2 23. Rxb7 Rd8 24. Qa1 Qxa1 25. Rxa1 O-O 26. Nc3 Be8 27. Ne4 Rd7 28.
Rxd7 Bxd7 29. Rd1 Bc8 30. Ra1 f6 31. Nd4 Bd7 32. exf6 gxf6 33. Nd6 Rb8 34. Ra2
Nb4 35. Rxa5 Nd3+ 36. Ke2 Nxc5 37. Rxc5 Bxd6 38. Rc2 Kf7 39. Ra2 Rb7 40. Kf3 e5
41. fxe5 fxe5 42. Ne2 Ke6 43. Bxh6 Bc6+ 44. Kg4 Bd5 45. Rd2 Rb4+ 46. Kh3 Rb3+
47. Kh2 Bc4 48. g3 Bb4 49. Rc2 Bd3 50. Ra2 Be4 51. Bc1 Rf3 52. Ng1 Rf5 53. g4
Rf1 54. Be3 Bd3 55. h6 Be7 56. g5 Re1 57. Bf2 Rb1 58. Nf3 Be4 59. Nd2 Rh1+ 60.
Kg3 Bf5 61. Ra6+ Kf7 62. Nf3 Kg8 63. Ra8+ Kf7 64. Nxe5+ Ke6 65. Nf3 Be4 66. Nd4+
Kf7 67. Ra7 Ke8 68. Kf4 Bg6 69. Nf5 Bxg5+ 70. Kxg5 Bxf5 71. Kxf5 Rxh6 72. Be3
Rd6 73. Bf4 Rd7 74. Ra8+ Kf7 75. Rh8 Ke7 76. Be5 Kf7 77. Rh7+ Ke8 78. Rh8+ Kf7
79. Rh1 Ke7 80. Rg1 Kf7 81. Rh1 Ke7 82. Rh6 Kf7 83. Bd6 Kg8 84. Ke6 Rh7 85. Rf6
Rh5 86. Be5 Kh7 87. Rf8 Rg5 88. Rh8+ Kg6 89. Bf6 Rg4 90. Rg8+ Kh5 91. Ra8 Kg6
92. Ra7 Re4+ 93. Be5 Rg4 94. Ra8 Rg5 95. Bf4 Rg4 96. Ke5 Kh5 97. Kf5 Rg5+ 98.
Ke4 Rb5 99. Be5 Kg6 100. Rg8+ Kf7 101. Rg7+ Ke6 102. Rg6+ Kf7 103. Rh6 Ke7 104.
Kf5 Kd7 105. Rh7+ Kc6 106. Ke6 Rb1 107. Rh8 Rd1 108. Rc8+ Kb5 109. Bc3 Rd3 110.
Ke5 Rd7 111. Bd4 Rh7 112. Ke6 Rb7 113. Be5 Kb4 114. Kd5 Rd7+ 115. Bd6+ Kb3 116.
Rb8+ Kc3 117. Rh8 Kd3 118. Rh3+ Ke2 119. Ke5 Rd8 120. Bc5 Re8+ 121. Kf4 Rc8 122.
Bd4 1/2-1/2

[Event "DRUZYNOWE MISTRZOSTWA POLSKI 2014 - SYGNITY EKSTRALIGA"]
[Site "Gorzow Wlkp, Wroclaw, Katowice"]
[Date "2014-00-00"]
[Round "1.19"]
[White "Maksimenko, Andrei"]
[Black "Swiercz, Dariusz"]
[Result "1/2-1/2"]
[WhiteTitle "GM"]
[BlackTitle "GM"]
[WhiteElo "2493"]
[BlackElo "2614"]

1. d4 Nf6 2. c4 g6 3. Nc3 Bg7 4. e4 d6 5. Be2 O-O 6. Nf3 e5 7. dxe5 dxe5 8. Qxd8
Rxd8 9. Bg5 Re8 10. Nd5 Nxd5 11. cxd5 c6 12. Bc4 cxd5 13. Bxd5 Nd7 14. Ke2 h6
15. Be3 Nf6 16. Rhd1 Nxd5 17. Rxd5 b6 18. Nd2 Be6 19. Rd3 Rac8 20. Rc3 Rxc3 21.
bxc3 Rc8 22. a4 Rc7 23. a5 b5 24. a6 Bc8 25. Kd3 Rc6 26. Bxa7 Bxa6 27. Rb1 f5
28. f3 h5 29. Be3 Kf7 30. h3 Bf6 31. g4 f4 32. Bf2 Bd8 33. Ra1 Ke8 34. Be1 Be7
35. Bf2 Kd7 36. gxh5 g5 37. h4 gxh4 38. Rh1 Rh6 39. Bxh4 Rxh5 40. Ra1 Rh6 41.
Bxe7 Kxe7 42. Kc2 Rc6 43. Kb3 Rd6 44. Kc2 Rc6 45. Kb2 Rd6 1/2-1/2

[Event "DRUZYNOWE MISTRZOSTWA POLSKI 2014 - SYGNITY EKSTRALIGA"]
[Site "Gorzow Wlkp, Wroclaw, Katowice"]
[Date "2014-00-00"]
[Round "1.20"]
[White "Bartel, Mateusz"]
[Black "Heberla, Bartlomiej"]
[Result "1/2-1/2"]
[WhiteTitle "GM"]
[BlackTitle "GM"]
[WhiteElo "2652"]
[BlackElo "2567"]

1. d4 Nf6 2. c4 g6 3. g3 Bg7 4. Bg2 O-O 5. Nf3 c6 6. O-O d6 7. Nc3 Qa5 8. Qd2 Qh5
9. Qg5 Bg4 10. Qxh5 Nxh5 11. Rd1 Nd7 12. Ng5 Nb6 13. h3 Bc8 14. b3 Nf6 15. a4
a5 16. Ba3 Re8 17. e4 e5 18. Nf3 exd4 19. Nxd4 Bf8 20. Nde2 Nbd7 21. Bxd6 Nc5
22. Bxc5 Bxc5 23. Kf1 Nd7 24. f4 Bf8 25. e5 Nc5 26. Nd4 Rd8 27. Ra2 Bg7 28. Rad2
f6 29. Nxc6 Rxd2 30. Ne7+ Kf8 31. Rxd2 fxe5 32. Ned5 Bf5 33. g4 Bd3+ 34. Rxd3
Nxd3 35. f5 gxf5 36. gxf5 Nc5 37. Ne4 Nxe4 38. Bxe4 Kf7 39. Ke2 Ra6 40. Kf3 Rh6
41. Kg4 b6 42. h4 Rd6 43. h5 h6 1/2-1/2

[Event "DRUZYNOWE MISTRZOSTWA POLSKI 2014 - SYGNITY EKSTRALIGA"]
[Site "Gorzow Wlkp, Wroclaw, Katowice"]
[Date "2014-00-00"]
[Round "1.21"]
[White "Antoniewski, Rafal"]
[Black "Mastrovasilis, Dimitrios"]
[Result "1/2-1/2"]
[WhiteTitle "GM"]
[BlackTitle "GM"]
[WhiteElo "2552"]
[BlackElo "2605"]

1. e4 e5 2. Nf3 Nc6 3. Bb5 Nf6 4. O-O Nxe4 5. Re1 Nd6 6. Nxe5 Be7 7. Bf1 Nxe5 8.
Rxe5 O-O 9. Nc3 Ne8 10. Nd5 Bd6 11. Re1 c6 12. Ne3 Bc7 13. Nf5 d5 14. Ne7+ Kh8
15. Nxc8 Rxc8 16. d3 Nf6 17. Qf3 Re8 18. Bg5 Be5 19. c3 h6 20. Bd2 Qd7 21. g3
Ng8 22. Re2 Bd6 23. Be3 a6 24. Rae1 Re7 25. Bd4 Rce8 26. b4 Rxe2 27. Rxe2 Rxe2
28. Qxe2 Be7 29. Be3 Bf6 30. c4 Ne7 31. Qh5 Kg8 32. Bh3 Qd8 33. Qg4 dxc4 34. dxc4
Qd3 35. Bxh6 Qb1+ 36. Kg2 Qxb4 37. Be3 g6 38. Qf4 Kg7 39. Qh6+ Kg8 40. Qf4 Kg7
41. Qh6+ 1/2-1/2

[Event "DRUZYNOWE MISTRZOSTWA POLSKI 2014 - SYGNITY EKSTRALIGA"]
[Site "Gorzow Wlkp, Wroclaw, Katowice"]
[Date "2014-00-00"]
[Round "1.22"]
[White "Moranda, Wojciech"]
[Black "Jaracz, Pawel"]
[Result "1/2-1/2"]
[WhiteTitle "GM"]
[BlackTitle "GM"]
[WhiteElo "2593"]
[BlackElo "2505"]

1. d4 d5 2. c4 c6 3. Nc3 Nf6 4. e3 e6 5. Nf3 a6 6. Qc2 c5 7. cxd5 exd5 8. Be2 cxd4
9. Nxd4 Bd6 10. O-O O-O 11. b3 Qc7 12. h3 Bd7 13. Bb2 Nc6 14. Nxc6 Bxc6 15. Rad1
Qe7 16. Bf3 Rac8 17. Qf5 Qe6 18. Qxe6 fxe6 19. Rd2 Rf7 20. Rc1 Rfc7 21. Ne2 Bd7
22. Rxc7 Rxc7 23. Nf4 Bb4 24. Rd1 Bd6 25. Nd3 Rc2 26. Rc1 Rxc1+ 27. Nxc1 e5 28.
Bd1 Bf5 29. b4 Kf7 30. Nb3 Nd7 31. Na5 Bxb4 32. Nxb7 Ke7 33. a3 Bd2 34. Bb3 Be4
35. a4 d4 36. Ba3+ Kf6 37. Nd6 Bd3 38. Bc4 Bxc4 39. Ne4+ Ke6 40. Nxd2 Be2 41.
exd4 1/2-1/2

[Event "DRUZYNOWE MISTRZOSTWA POLSKI 2014 - SYGNITY EKSTRALIGA"]
[Site "Gorzow Wlkp, Wroclaw, Katowice"]
[Date "2014-00-00"]
[Round "1.23"]
[White "Grabarczyk, Miroslaw"]
[Black "Sadzikowski, Daniel"]
[Result "1/2-1/2"]
[WhiteTitle "GM"]
[BlackTitle "IM"]
[WhiteElo "2480"]
[BlackElo "2496"]

1. d4 Nf6 2. c4 g6 3. Nf3 Bg7 4. g3 d5 5. cxd5 Nxd5 6. Bg2 Nb6 7. Nc3 Nc6 8. e3
O-O 9. O-O Re8 10. d5 Na5 11. Nd4 Bd7 12. b3 Rc8 13. Bb2 c6 14. dxc6 Nxc6 15.
Nxc6 Bxc6 16. Rc1 Bxg2 17. Kxg2 Rc6 18. Qe2 a6 19. Na4 Nxa4 20. Bxg7 Kxg7 21.
bxa4 Qc7 22. Qb2+ Kg8 23. Kg1 Rc8 24. Rxc6 Qxc6 25. Qe5 e6 26. Qd4 Qf3 27. Qb2
Qe4 28. a5 Rc2 29. Qb3 Kg7 30. Rd1 Qf5 31. Rf1 g5 32. a3 Qe4 33. Rd1 h5 34. h3
Qf5 35. Rf1 Qe4 36. Rd1 Qf5 37. Rf1 h4 38. gxh4 g4 39. e4 Qxe4 40. Qg3 Rc4 41.
f3 Qe3+ 42. Rf2 f5 43. Kg2 e5 44. hxg4 f4 45. Qh3 Rd4 46. h5 e4 47. fxe4 Rd2 48.
Qf3 Kh6 49. Rxd2 Qxd2+ 50. Qf2 Qc1 1/2-1/2

[Event "DRUZYNOWE MISTRZOSTWA POLSKI 2014 - SYGNITY EKSTRALIGA"]
[Site "Gorzow Wlkp, Wroclaw, Katowice"]
[Date "2014-00-00"]
[Round "1.24"]
[White "Zawadzka, Jolanta"]
[Black "Jaracz, Barbara"]
[Result "1/2-1/2"]
[WhiteTitle "WGM"]
[BlackTitle "WGM"]
[WhiteElo "2414"]
[BlackElo "2253"]

1. e4 e5 2. Nf3 Nc6 3. Bb5 a6 4. Ba4 Nf6 5. O-O Bc5 6. c3 b5 7. Bb3 d6 8. d4 Bb6
9. h3 O-O 10. Re1 h6 11. a4 Bb7 12. d5 Ne7 13. axb5 axb5 14. Rxa8 Bxa8 15. Na3
c6 16. dxc6 Bxc6 17. Qd3 Qd7 18. Nc2 Qb7 19. Nd2 d5 20. Qg3 dxe4 21. Qxe5 Bc7
22. Qc5 Bb6 23. Qe5 Bc7 24. Qc5 Bb6 1/2-1/2

[Event "DRUZYNOWE MISTRZOSTWA POLSKI 2014 - SYGNITY EKSTRALIGA"]
[Site "Gorzow Wlkp, Wroclaw, Katowice"]
[Date "2014-00-00"]
[Round "1.25"]
[White "Kolosowski, Mateusz"]
[Black "Kuzmicz, Krystian"]
[Result "0-1"]
[WhiteTitle "IM"]
[BlackTitle "IM"]
[WhiteElo "2471"]
[BlackElo "2457"]

1. c4 c5 2. Nc3 Nc6 3. g3 g6 4. Bg2 Bg7 5. Nf3 Nh6 6. d4 cxd4 7. Bxh6 Bxh6 8. Nxd4
O-O 9. c5 Bg7 10. Nb3 b6 11. cxb6 Qxb6 12. O-O a5 13. Rb1 a4 14. Nd2 Qa6 15. Nde4
Qa5 16. Rc1 a3 17. bxa3 Qxa3 18. h4 Rb8 19. Qd2 Rb2 20. Qe3 Nd4 21. Bf3 Ba6 22.
Rfd1 Bxe2 23. Rxd4 Bxd4 24. Qxd4 Bxf3 25. Nd5 Bxe4 26. Qxe4 Re2 27. Qxe2 Qxc1+
28. Kh2 Qc5 29. Nxe7+ Kg7 30. g4 Qd6+ 31. Kh3 Qe6 32. Qb2+ f6 33. Qb4 Re8 0-1